Statistics for Country Names Whose First And Last Letters Are Two Letters Apart In The Alphabet

Click here to take the quiz!

General Stats

  • This quiz has been taken 30 times
  • The average score is 14 of 22

Answer Stats

Country % Correct
Canada
87%
Chile
83%
China
78%
Colombia
78%
Croatia
78%
Cuba
78%
Finland
78%
Cambodia
74%
Monaco
70%
Nepal
70%
Morocco
65%
Montenegro
65%
United States
61%
Costa Rica
61%
Mexico
57%
Lebanon
57%
Greece
57%
Cape Verde
57%
Liechtenstein
52%
Pakistan
52%
United Arab Emirates
43%
Kiribati
43%

Score Distribution

Percentile by Number Answered

Percent of People with Each Score

Your Score History

You have not taken this quiz